[Event "Laval XX"]
[Site "Laval CAN"]
[Date "2003.04.13"]
[Round "4"]
[White "Bolduc, Steve"]
[Black "Rosen, Matthew"]
[Result "1-0"]
[WhiteElo "2312"]
[BlackElo "2106"]
[PlyCount "139"]
[EventDate "2003.04.11"]
[EventType "swiss"]
[EventRounds "5"]
[EventCountry "CAN"]

1. d4 Nf6 2. c4 e6 3. Nc3 Bb4 4. e3 c5 5. Bd3 O-O 6. Nge2 b6 7. O-O Bb7 8. a3
Bxc3 9. Nxc3 d6 10. d5 e5 11. f4 Nbd7 12. g3 Qe7 13. e4 Ne8 14. f5 f6 15. h4 g6
16. g4 a6 17. Qe2 Rf7 18. Be3 Ng7 19. Kh2 g5 20. Kg2 h6 21. Rh1 Ne8 22. Rh3 Rh7
23. Rah1 Nf8 24. Na4 Qc7 25. b4 Rb8 26. Qd2 Bc8 27. Nc3 Rb7 28. Kg3 Qd8 29.
R3h2 Qc7 30. Be2 Qe7 31. Rd1 Qc7 32. Rhh1 Bd7 33. bxc5 bxc5 34. Rb1 Bc8 35.
Rxb7 Qxb7 36. Rb1 Qa7 37. Rb3 Rb7 38. Qb2 Nd7 39. Rxb7 Qxb7 40. Qxb7 Bxb7 41.
Na4 Nc7 42. Bd2 Na8 43. Ba5 Kf7 44. h5 Ke8 45. Kf3 Kf7 46. Ke3 Ke7 47. Kd3 Ke8
48. Bd1 Ke7 49. Nc3 Ndb6 50. Ba4 Kd8 51. Kc2 Kc7 52. Kb3 Kb8 53. Be8 Ka7 54.
Ne2 Kb8 55. Ng1 Kc8 56. Nf3 Kd8 57. Bc6 Bxc6 58. dxc6 Kc7 59. Nxg5 fxg5 60. Bd2
Kxc6 61. Bxg5 Kd7 62. Bxh6 Ke7 63. Bg5+ Kf7 64. Bd8 Nd7 65. g5 Nab6 66. h6 Nc8
67. g6+ Kg8 68. f6 Na7 69. f7+ Kf8 70. Be7+ 1-0

[Event "Laval XX"]
[Site "Laval CAN"]
[Date "2003.04.13"]
[Round "4"]
[White "Dupuis, Stephane"]
[Black "Poirier, Erik"]
[Result "1-0"]
[WhiteElo "2234"]
[BlackElo "2002"]
[PlyCount "51"]
[EventDate "2003.04.11"]
[EventType "swiss"]
[EventRounds "5"]
[EventCountry "CAN"]

1. e4 c5 2. Nc3 Nc6 3. f4 g6 4. Nf3 Bg7 5. Bb5 e6 6. Bxc6 bxc6 7. e5 d5 8. exd6
Nf6 9. d3 O-O 10. O-O Qxd6 11. Kh1 Ba6 12. Ne5 Rfd8 13. Qe1 c4 14. dxc4 Rab8
15. Rb1 c5 16. b3 Bb7 17. Be3 Ne4 18. Nxe4 Bxe4 19. Rd1 Qc7 20. Qf2 Rxd1 21.
Rxd1 Bxe5 22. fxe5 Qxe5 23. Qd2 Kg7 24. Bh6+ Kf6 25. Bf4 Qh5 26. Bxb8 1-0

[Event "Laval XX"]
[Site "Laval CAN"]
[Date "2003.04.13"]
[Round "4"]
[White "Miron, Francois"]
[Black "Deschamps, Martin"]
[Result "1-0"]
[WhiteElo "2078"]
[BlackElo "1907"]
[PlyCount "103"]
[EventDate "2003.04.11"]
[EventType "swiss"]
[EventRounds "5"]
[EventCountry "CAN"]

1. e4 c5 2. Nc3 Nc6 3. f4 d6 4. Nf3 g6 5. Bb5 Bd7 6. O-O Bg7 7. d3 a6 8. Bxc6
Bxc6 9. f5 gxf5 10. Ng5 h6 11. Nh3 fxe4 12. Nxe4 Bxe4 13. dxe4 Nf6 14. Qf3 Qb6
15. Qg3 Rg8 16. e5 dxe5 17. Qxe5 Qd6 18. Qxd6 exd6 19. Bxh6 Bxh6 20. Rxf6 Rg6
21. Re1+ Kf8 22. Rxg6 fxg6 23. Re6 Kf7 24. Rxd6 b5 25. g3 Bg7 26. Ng5+ Ke7 27.
Re6+ Kf8 28. b3 Rd8 29. Rxa6 Rd1+ 30. Kg2 Rd2+ 31. Kh3 Bd4 32. Ne6+ Kf7 33.
Nxd4 cxd4 34. Rc6 Kg7 35. a4 bxa4 36. bxa4 d3 37. cxd3 Rxd3 38. a5 Ra3 39. a6
Kh6 40. Kh4 Ra2 41. h3 Ra4+ 42. g4 Ra5 43. Rb6 Ra4 44. Kg3 Ra3+ 45. Kf4 Rxh3
46. Rb7 g5+ 47. Ke5 Re3+ 48. Kd6 Rf3 49. a7 Ra3 50. Kc7 Rc3+ 51. Kb8 Rf3 52.
a8=Q 1-0

[Event "Laval XX"]
[Site "Laval CAN"]
[Date "2003.04.13"]
[Round "5"]
[White "Luksza, Arkadiusz"]
[Black "Bolduc, Steve"]
[Result "0-1"]
[WhiteElo "2227"]
[BlackElo "2281"]
[PlyCount "100"]
[EventDate "2003.04.11"]
[EventType "swiss"]
[EventRounds "5"]
[EventCountry "CAN"]

1. Nf3 Nf6 2. d4 c5 3. c4 cxd4 4. Nxd4 Nc6 5. Nc3 e6 6. g3 Bc5 7. Nxc6 bxc6 8.
Bg2 O-O 9. O-O d5 10. Qa4 Bd7 11. Qc2 Rc8 12. Bf4 Qe7 13. Rad1 h6 14. Be5 Ng4
15. Bd4 Bxd4 16. Rxd4 e5 17. Rdd1 d4 18. Nb1 c5 19. h3 Nf6 20. Nd2 Bc6 21. Ne4
Nxe4 22. Bxe4 Bxe4 23. Qxe4 f5 24. Qd5+ Kh8 25. Qf3 e4 26. Qf4 Rb8 27. b3 Rb6
28. Kg2 g5 29. Qc1 f4 30. e3 f3+ 31. Kh2 d3 32. Qc3+ Qg7 33. Qxg7+ Kxg7 34. Rd2
Rfb8 35. Rb1 a5 36. Kg1 a4 37. Rdb2 Rb4 38. Kf1 a3 39. Rd2 Rxc4 40. Ke1 Kf6 41.
Ra1 Rcb4 42. Rc1 R8b5 43. Rc3 c4 44. bxc4 Rb1+ 45. Rd1 Rxd1+ 46. Kxd1 Rb1+ 47.
Rc1 Rb2 48. c5 Rxf2 49. Rc4 Ke5 50. c6 Rc2 0-1

[Event "Laval XX"]
[Site "Laval CAN"]
[Date "2003.04.13"]
[Round "5"]
[White "Trottier, Yves"]
[Black "Masse, Hugues"]
[Result "1/2-1/2"]
[WhiteElo "2008"]
[BlackElo "2180"]
[PlyCount "54"]
[EventDate "2003.04.11"]
[EventType "swiss"]
[EventRounds "5"]
[EventCountry "CAN"]

1. e4 e5 2. Nf3 Nc6 3. Nc3 Nf6 4. d4 exd4 5. Nxd4 Bb4 6. Nxc6 bxc6 7. Bd3 d5 8.
exd5 cxd5 9. O-O O-O 10. Bg5 c6 11. Qf3 Be7 12. Rae1 Re8 13. h3 Rb8 14. Nd1 Be6
15. Re2 h6 16. Bh4 Rb4 17. Bxf6 Bxf6 18. c3 Rb7 19. Rfe1 Rbe7 20. Ne3 Bd7 21.
Ng4 Rxe2 22. Rxe2 Rxe2 23. Nxf6+ Qxf6 24. Qxe2 Qg5 25. Kh2 g6 26. Qe1 Kg7 27.
g3 Bf5 1/2-1/2

[Event "Le Bolduc"]
[Site "Montreal CAN"]
[Date "2003.02.11"]
[Round "1"]
[White "Bannon, Eric"]
[Black "Bergeron, Pascal"]
[Result "1/2-1/2"]
[WhiteElo "2176"]
[BlackElo "2171"]
[PlyCount "30"]
[EventDate "2003.02.11"]
[EventType "tourn"]
[EventRounds "9"]
[EventCountry "CAN"]

1. e4 e5 2. Nf3 Nf6 3. Nc3 Bb4 4. Nxe5 O-O 5. Nd3 Bxc3 6. dxc3 Nxe4 7. Be2 d6
8. O-O Bf5 9. Re1 Re8 10. Nf4 Nd7 11. Be3 Ne5 12. Qd4 Nc6 13. Qd1 Ne5 14. Qd4
Nc6 15. Qd1 Ne5 1/2-1/2

[Event "Le Bolduc"]
[Site "Montreal CAN"]
[Date "2003.02.11"]
[Round "1"]
[White "Bolduc, Steve"]
[Black "Dupuis, Stephane"]
[Result "1-0"]
[WhiteElo "2303"]
[BlackElo "2224"]
[PlyCount "105"]
[EventDate "2003.02.11"]
[EventType "tourn"]
[EventRounds "9"]
[EventCountry "CAN"]

1. d4 d5 2. c4 e6 3. Nc3 Nf6 4. cxd5 exd5 5. Bg5 Nbd7 6. e3 Bb4 7. Bd3 c5 8.
Nge2 c4 9. Bf5 Qa5 10. O-O O-O 11. Qc2 g6 12. Bh3 Re8 13. f3 Nh5 14. Bh6 Ndf6
15. Bxc8 Raxc8 16. g4 Ng7 17. Ng3 Rc6 18. h4 Rce6 19. Rae1 Bd6 20. Qg2 Bxg3 21.
Qxg3 b5 22. a3 Qb6 23. Bg5 Qb7 24. Re2 a5 25. a4 b4 26. Nb5 R8e7 27. Qf4 Nge8
28. Rfe1 Qc6 29. Rg2 Rb7 30. h5 Nc7 31. Nxc7 Qxc7 32. Qxc7 Rxc7 33. h6 c3 34.
Rc2 Rc4 35. bxc3 Ne8 36. Bd8 bxc3 37. Bxa5 Rxd4 38. exd4 Rxe1+ 39. Kf2 Ra1 40.
Rxc3 Rxa4 41. Rc8 Kf8 42. Bb6 Ke7 43. Bc5+ Kd7 44. Rb8 Ra6 45. Rb7+ Nc7 46. Bb6
Ra2+ 47. Kg3 Rc2 48. Kf4 f6 49. Rxc7+ Rxc7 50. Bxc7 Kxc7 51. g5 Kd6 52. gxf6
Ke6 53. f7 1-0

[Event "Le Bolduc"]
[Site "Montreal CAN"]
[Date "2003.02.11"]
[Round "1"]
[White "Laframboise, Marc-Andre"]
[Black "Charbonneau, Anne-Marie"]
[Result "1/2-1/2"]
[WhiteElo "2175"]
[BlackElo "1970"]
[PlyCount "116"]
[EventDate "2003.02.11"]
[EventType "tourn"]
[EventRounds "9"]
[EventCountry "CAN"]

1. d4 Nf6 2. c4 e6 3. Nc3 d5 4. cxd5 exd5 5. Bg5 c6 6. Qc2 Be7 7. e3 O-O 8. Bd3
Nbd7 9. Nge2 Re8 10. f3 Nf8 11. O-O Ng6 12. e4 dxe4 13. fxe4 Ng4 14. Bxe7 Qxe7
15. Qd2 Be6 16. h3 Nf6 17. Rf2 Rad8 18. Raf1 Qd7 19. e5 Nd5 20. Ne4 Rf8 21. Nc5
Qe7 22. Nxe6 Qxe6 23. Bf5 Qe7 24. Ng3 Nc7 25. Qe3 Qb4 26. Rd1 c5 27. Rfd2 cxd4
28. Rxd4 Rxd4 29. Rxd4 Qxb2 30. Rd7 Ne6 31. Qxa7 Qxe5 32. Qf2 Nc5 33. Rd1 Nf4
34. Re1 Qd6 35. Ne4 Nxe4 36. Bxe4 Nd3 37. Bxd3 Qxd3 38. Qb2 Qd5 39. Rb1 Rb8 40.
a4 h6 41. Qb5 Qxb5 42. Rxb5 Ra8 43. Rxb7 Rxa4 44. Rb5 g6 45. g4 Ra2 46. Rb3 Kg7
47. Rf3 Ra5 48. Kg2 f5 49. gxf5 gxf5 50. Kg3 Kg6 51. Rb3 Kg5 52. h4+ Kh5 53.
Rf3 Kg6 54. Rb3 Ra4 55. Rb6+ Kh5 56. Rf6 Rg4+ 57. Kf3 Rxh4 58. Rxf5+ Kg6
1/2-1/2

[Event "Le Bolduc"]
[Site "Montreal CAN"]
[Date "2003.02.18"]
[Round "2"]
[White "Bannon, Eric"]
[Black "Sullivan, Neil"]
[Result "1/2-1/2"]
[WhiteElo "2176"]
[BlackElo "2062"]
[PlyCount "71"]
[EventDate "2003.02.11"]
[EventType "tourn"]
[EventRounds "9"]
[EventCountry "CAN"]

1. e4 c5 2. Nf3 Nc6 3. d4 cxd4 4. Nxd4 g6 5. Nc3 Bg7 6. Be3 Nf6 7. Bc4 O-O 8.
Bb3 a5 9. f3 d6 10. Qd2 Bd7 11. a4 Ne5 12. Ndb5 Rc8 13. Na7 Ra8 14. Qf2 Qb8 15.
Ncb5 Neg4 16. fxg4 Nxg4 17. Qg1 Nxe3 18. Qxe3 b6 19. c3 Rxa7 20. Nxa7 Qxa7 21.
O-O Qc7 22. Kh1 Be5 23. Qh6 e6 24. Rf3 Bg7 25. Qh4 Bc6 26. Raf1 Qd7 27. h3 Bxa4
28. Bxa4 Qxa4 29. Qe7 Qe8 30. Qxd6 b5 31. Qc7 a4 32. Rd3 b4 33. Qc4 Qb8 34.
Rfd1 a3 35. bxa3 bxc3 36. Rxc3 1/2-1/2

[Event "Le Bolduc"]
[Site "Montreal CAN"]
[Date "2003.02.18"]
[Round "2"]
[White "Bergeron, Pascal"]
[Black "Charbonneau, Anne-Marie"]
[Result "1-0"]
[WhiteElo "2171"]
[BlackElo "1970"]
[PlyCount "115"]
[EventDate "2003.02.11"]
[EventType "tourn"]
[EventRounds "9"]
[EventCountry "CAN"]

1. e4 c5 2. g3 e6 3. Bg2 Nc6 4. d3 g6 5. f4 Bg7 6. Nf3 Nge7 7. O-O d6 8. c3 O-O
9. Be3 Rb8 10. Na3 b5 11. e5 Nf5 12. Bf2 b4 13. Nc2 Bb7 14. Re1 Ba8 15. g4 Nfe7
16. c4 Qc7 17. Qe2 Rfd8 18. b3 a6 19. Rad1 Rd7 20. Bg3 d5 21. Ne3 Na7 22. f5 d4
23. f6 Bh6 24. Nf1 Nec8 25. N1d2 Be3+ 26. Bf2 Bxf2+ 27. Qxf2 Qd8 28. g5 Qf8 29.
h4 h5 30. gxh6 Qxh6 31. Nh2 Bxg2 32. Kxg2 Kf8 33. Ne4 Rc7 34. Ng3 Ke8 35. Ng4
Qh7 36. Qf4 Kd7 37. h5 Nb6 38. h6 Rh8 39. Ne4 Kd8 40. Nxc5 Rxc5 41. Qxd4+ Nd7
42. Qd6 Rc6 43. Qe7+ Kc7 44. d4 Nc8 45. Qxb4 g5 46. Kg3 Qf5 47. Qd2 Nf8 48. d5
exd5 49. cxd5 Rc5 50. Rc1 Rxc1 51. Rxc1+ Kd7 52. Qd4 Ng6 53. e6+ fxe6 54. Qa4+
Kd8 55. Qa5+ Kd7 56. Qc7+ Ke8 57. Qxc8+ Kf7 58. Qd7+ 1-0

[Event "Le Bolduc"]
[Site "Montreal CAN"]
[Date "2003.02.18"]
[Round "2"]
[White "Chabot, Roland"]
[Black "Laframboise, Marc-Andre"]
[Result "1-0"]
[WhiteElo "2294"]
[BlackElo "2175"]
[PlyCount "61"]
[EventDate "2003.02.11"]
[EventType "tourn"]
[EventRounds "9"]
[EventCountry "CAN"]

1. d4 d5 2. e3 Nf6 3. Bd3 e6 4. Nd2 c5 5. c3 Nc6 6. f4 Bd6 7. Nh3 b6 8. Nf3 Bb7
9. Ne5 O-O 10. Ng5 Ne7 11. Qc2 g6 12. h4 Nf5 13. h5 c4 14. Be2 h6 15. Ngxf7
Rxf7 16. Nxf7 Kxf7 17. hxg6+ Kg7 18. g4 Ne7 19. Bf3 Ne4 20. Qg2 Nxg6 21. Qh3
Qh8 22. Bd2 Rf8 23. Bxe4 dxe4 24. O-O-O Be7 25. Be1 Bd5 26. Rd2 Nxf4 27. exf4
e3 28. Rdh2 Rxf4 29. g5 Bxg5 30. Rg1 Qe8 31. Qxh6+ 1-0

[Event "Le Bolduc"]
[Site "Montreal CAN"]
[Date "2003.02.18"]
[Round "2"]
[White "Dupuis, Stephane"]
[Black "Cazelais, Marc"]
[Result "1/2-1/2"]
[WhiteElo "2224"]
[BlackElo "2097"]
[PlyCount "110"]
[EventDate "2003.02.11"]
[EventType "tourn"]
[EventRounds "9"]
[EventCountry "CAN"]

1. e4 c5 2. Nf3 Nc6 3. d4 cxd4 4. Nxd4 Nf6 5. Nc3 e5 6. Ndb5 d6 7. a4 Be7 8.
Bg5 Be6 9. Bxf6 gxf6 10. Nd5 Rc8 11. Ne3 a6 12. Na3 Nd4 13. Bc4 Bxc4 14. Naxc4
f5 15. c3 f4 16. cxd4 fxe3 17. Nxe3 Qa5+ 18. Qd2 Qxd2+ 19. Kxd2 Bg5 20. Rhc1
Kd7 21. Kd3 Bxe3 22. Kxe3 Rhg8 23. g3 Ke6 24. d5+ Kd7 25. Rxc8 Rxc8 26. Ra3 Rc4
27. Rb3 Rxa4 28. Rxb7+ Ke8 29. Kf3 h5 30. h4 a5 31. Ke3 Ra2 32. Kd3 a4 33. Kc4
a3 34. bxa3 Rxa3 35. Kb5 Rc3 36. Kb6 f5 37. Rc7 Rf3 38. Kc6 fxe4 39. Kxd6 Rxf2
40. Re7+ Kd8 41. Rh7 Rf8 42. Ra7 Rf6+ 43. Kxe5 Rg6 44. Kxe4 Rxg3 45. Ke5 Rg4
46. Kd6 Rg6+ 47. Kc5 Rg4 48. Kc6 Rxh4 49. Ra8+ Ke7 50. d6+ Ke6 51. Re8+ Kf5 52.
d7 Rd4 53. d8=Q Rxd8 54. Rxd8 h4 55. Kd5 h3 1/2-1/2

[Event "Le Bolduc"]
[Site "Montreal CAN"]
[Date "2003.02.25"]
[Round "3"]
[White "Bolduc, Steve"]
[Black "Bannon, Eric"]
[Result "1-0"]
[WhiteElo "2303"]
[BlackElo "2176"]
[PlyCount "73"]
[EventDate "2003.02.11"]
[EventType "tourn"]
[EventRounds "9"]
[EventCountry "CAN"]

1. d4 Nf6 2. c4 g6 3. Nc3 Bg7 4. e4 d6 5. f3 O-O 6. Be3 e5 7. Nge2 c6 8. d5
cxd5 9. cxd5 a6 10. Qd2 Nbd7 11. Nc1 Nh5 12. Nd3 f5 13. O-O-O fxe4 14. Nxe4
Ndf6 15. Ndf2 Nxe4 16. fxe4 Bd7 17. Kb1 Bb5 18. g3 Bxf1 19. Rhxf1 Qd7 20. Rc1
Rf7 21. Rc2 Nf6 22. Rfc1 Raf8 23. Qe2 Ne8 24. Ng4 Rf3 25. Nh6+ Kh8 26. Nf5 gxf5
27. Qxf3 f4 28. gxf4 exf4 29. Bd2 Qa4 30. Rc8 Be5 31. Bc3 Qd7 32. Bxe5+ dxe5
33. Qh5 f3 34. Qxe5+ Kg8 35. Qe6+ Qxe6 36. dxe6 Nd6 37. Rg1+ 1-0

[Event "Le Bolduc"]
[Site "Montreal CAN"]
[Date "2003.02.25"]
[Round "3"]
[White "Charbonneau, Anne-Marie"]
[Black "Chabot, Roland"]
[Result "1/2-1/2"]
[WhiteElo "1970"]
[BlackElo "2294"]
[PlyCount "42"]
[EventDate "2003.02.11"]
[EventType "tourn"]
[EventRounds "9"]
[EventCountry "CAN"]

1. d4 f5 2. g3 Nf6 3. Bg2 g6 4. c4 Bg7 5. Nc3 O-O 6. e4 fxe4 7. Nxe4 Nxe4 8.
Bxe4 c5 9. Ne2 Nc6 10. d5 Nd4 11. Nxd4 Bxd4 12. O-O d6 13. Qe2 Bd7 14. Be3 Bg7
15. Rab1 a5 16. b3 a4 17. b4 b6 18. b5 Qe8 19. Qd2 Qf7 20. Bh6 Bxh6 21. Qxh6
Qg7 1/2-1/2

[Event "Le Bolduc"]
[Site "Montreal CAN"]
[Date "2003.02.25"]
[Round "3"]
[White "Laframboise, Marc-Andre"]
[Black "Dupuis, Stephane"]
[Result "1/2-1/2"]
[WhiteElo "2175"]
[BlackElo "2224"]
[PlyCount "83"]
[EventDate "2003.02.11"]
[EventType "tourn"]
[EventRounds "9"]
[EventCountry "CAN"]

1. d4 Nf6 2. c4 c5 3. d5 b5 4. a4 bxc4 5. Nc3 Bb7 6. e4 e6 7. Bxc4 exd5 8. exd5
d6 9. Nf3 Be7 10. O-O Nbd7 11. a5 O-O 12. h3 a6 13. Re1 Re8 14. Ra4 Bf8 15.
Rxe8 Qxe8 16. Bf4 Qe7 17. Qd3 Ne5 18. Bxe5 dxe5 19. Ng5 Qd6 20. Nce4 Nxe4 21.
Qxe4 g6 22. Qh4 h6 23. Ne4 Qd8 24. Qg3 Bg7 25. Ra3 Rc8 26. Rb3 Qd7 27. Nd6 Bxd5
28. Nxc8 Bxc4 29. Rc3 Be6 30. Rxc5 Qd1+ 31. Kh2 Qd4 32. Rc6 Kh7 33. Rxe6 fxe6
34. Ne7 g5 35. Qe3 e4 36. Qxd4 Bxd4 37. Kg1 Bxb2 38. Nc6 Bc3 39. Nb8 Bxa5 40.
Nxa6 Bb6 41. Kf1 Kg6 42. Ke2 1/2-1/2

[Event "Le Bolduc"]
[Site "Montreal CAN"]
[Date "2003.02.25"]
[Round "3"]
[White "Sullivan, Neil"]
[Black "Bergeron, Pascal"]
[Result "1/2-1/2"]
[WhiteElo "2062"]
[BlackElo "2171"]
[PlyCount "78"]
[EventDate "2003.02.11"]
[EventType "tourn"]
[EventRounds "9"]
[EventCountry "CAN"]

1. e4 e5 2. Nc3 Nf6 3. Bc4 Nc6 4. d3 Bb4 5. Bg5 h6 6. Bh4 g5 7. Bg3 d5 8. exd5
Nxd5 9. Nge2 Be6 10. O-O f5 11. h3 f4 12. Bh2 Bxc3 13. Nxc3 Qd7 14. Qh5+ Bf7
15. Nxd5 Bxh5 16. Nf6+ Ke7 17. Nxd7 Kxd7 18. Bb5 a6 19. Bxc6+ Kxc6 20. f3 Bf7
21. Kf2 h5 22. g3 Be6 23. Rfe1 Bxh3 24. Rxe5 fxg3+ 25. Kxg3 g4 26. fxg4 Bxg4
27. Rf1 Raf8 28. Rxf8 Rxf8 29. Kg2 Rf7 30. Bg3 b5 31. a4 b4 32. Be1 b3 33. cxb3
Rf3 34. b4 Rxd3 35. Rc5+ Kb7 36. b5 axb5 37. axb5 Bf3+ 38. Kg1 Bd5 39. Ba5 h4
1/2-1/2

[Event "Le Bolduc"]
[Site "Montreal CAN"]
[Date "2003.03.04"]
[Round "4"]
[White "Bannon, Eric"]
[Black "Cazelais, Marc"]
[Result "0-1"]
[WhiteElo "2176"]
[BlackElo "2097"]
[PlyCount "62"]
[EventDate "2003.02.11"]
[EventType "tourn"]
[EventRounds "9"]
[EventCountry "CAN"]

1. e4 c5 2. Nf3 Nc6 3. d4 cxd4 4. Nxd4 Nf6 5. Nc3 e5 6. Ndb5 d6 7. Bg5 a6 8.
Bxf6 gxf6 9. Na3 b5 10. Nd5 Bg7 11. c3 f5 12. exf5 Bxf5 13. Nc2 O-O 14. Nce3
Be6 15. Bd3 f5 16. Qh5 e4 17. Bc2 Ne5 18. Nf4 Qd7 19. g4 Nf3+ 20. Kd1 d5 21.
Nxe6 Qxe6 22. Ke2 Kh8 23. Bb3 Rad8 24. Rad1 fxg4 25. Rxd5 Rxd5 26. Qxd5 Qf6 27.
Nxg4 Qf4 28. h3 Ng5 29. Rf1 Nxh3 30. Ne3 Qf3+ 31. Kd2 Nf4 0-1

[Event "Le Bolduc"]
[Site "Montreal CAN"]
[Date "2003.03.04"]
[Round "4"]
[White "Bergeron, Pascal"]
[Black "Chabot, Roland"]
[Result "1/2-1/2"]
[WhiteElo "2171"]
[BlackElo "2294"]
[PlyCount "97"]
[EventDate "2003.02.11"]
[EventType "tourn"]
[EventRounds "9"]
[EventCountry "CAN"]

1. d4 Nf6 2. c4 d6 3. Nc3 Nbd7 4. e4 e5 5. Nf3 Be7 6. Be2 O-O 7. O-O c6 8. Rb1
a6 9. b4 b5 10. c5 Qc7 11. dxe5 dxe5 12. Qc2 Re8 13. Nd1 Nf8 14. Ne3 Ng6 15.
Bb2 Bf8 16. Rfd1 h6 17. a4 Nf4 18. Bf1 Nh7 19. Ra1 Rb8 20. axb5 axb5 21. Ra3 f6
22. Nh4 Ng5 23. Nef5 Be6 24. Rda1 Red8 25. Bc1 Bf7 26. h3 g6 27. Ne3 Nfe6 28.
Ng4 Bg7 29. Bd3 h5 30. Ne3 Nd4 31. Qb2 Qd7 32. Nc2 Nde6 33. Ne1 Nf4 34. Be3 Qe8
35. Bc2 Bh6 36. Ra7 Rd7 37. Bb3 Nge6 38. Kh2 Bg7 39. Rxd7 Qxd7 40. Rd1 Qc8 41.
g3 Nxh3 42. Bxe6 Bxe6 43. Nxg6 Kh7 44. Nh4 Ra8 45. Qe2 Bg4 46. f3 Be6 47. Rd2
Ng5 48. Neg2 Bc4 49. Qe1 1/2-1/2

[Event "Le Bolduc"]
[Site "Montreal CAN"]
[Date "2003.03.04"]
[Round "4"]
[White "Dupuis, Stephane"]
[Black "Charbonneau, Anne-Marie"]
[Result "0-1"]
[WhiteElo "2224"]
[BlackElo "1970"]
[PlyCount "96"]
[EventDate "2003.02.11"]
[EventType "tourn"]
[EventRounds "9"]
[EventCountry "CAN"]

1. e4 c5 2. Nf3 e6 3. d4 cxd4 4. Nxd4 Nf6 5. Nc3 d6 6. g4 h6 7. h4 d5 8. e5
Nfd7 9. f4 a6 10. Be3 Nc6 11. Qd2 Qc7 12. O-O-O b6 13. Nxc6 Qxc6 14. Bg2 Bb7
15. Nxd5 exd5 16. Bxd5 Qxd5 17. Qxd5 Bxd5 18. Rxd5 O-O-O 19. c3 Bc5 20. Bd2 Nb8
21. Rxd8+ Rxd8 22. b4 Be7 23. Kc2 Kb7 24. g5 Rh8 25. Re1 Nc6 26. Kd3 Rd8+ 27.
Kc2 h5 28. a3 g6 29. Be3 b5 30. Bf2 Kc7 31. e6 fxe6 32. Rxe6 Rd6 33. Re1 Kd7
34. a4 Rd5 35. axb5 axb5 36. Ra1 Bd6 37. Be3 Rf5 38. Ra8 Bxf4 39. Bxf4 Rxf4 40.
Rg8 Ne7 41. Rb8 Rf5 42. Kd3 Re5 43. Rb6 Nc6 44. Rb7+ Kd6 45. Rb6 Kc7 46. Ra6
Re1 47. Ra8 Ne5+ 48. Kd4 Nf3+ 0-1

[Event "Le Bolduc"]
[Site "Montreal CAN"]
[Date "2003.03.04"]
[Round "4"]
[White "Sullivan, Neil"]
[Black "Bolduc, Steve"]
[Result "0-1"]
[WhiteElo "2062"]
[BlackElo "2303"]
[PlyCount "86"]
[EventDate "2003.02.11"]
[EventType "tourn"]
[EventRounds "9"]
[EventCountry "CAN"]

1. e4 c5 2. Nc3 Nc6 3. f4 e6 4. Nf3 d5 5. e5 Qb6 6. Bb5 d4 7. Bxc6+ Qxc6 8. Ne2
Ne7 9. d3 b6 10. c3 dxc3 11. bxc3 Ba6 12. O-O Rd8 13. d4 Nd5 14. Bd2 cxd4 15.
cxd4 Be7 16. Rf2 O-O 17. Rc1 Qd7 18. Ng3 Rc8 19. h3 Rxc1 20. Bxc1 Rc8 21. Rc2
Rxc2 22. Qxc2 Qc7 23. Qxc7 Nxc7 24. f5 Bc4 25. a4 Bb3 26. a5 bxa5 27. Kf2 a4
28. fxe6 fxe6 29. Ne4 Nb5 30. Bb2 a3 31. Ba1 a2 32. Nc3 Nxc3 33. Bxc3 Kf7 34.
g4 Ke8 35. h4 Kd7 36. g5 Kc6 37. Ke3 Kb5 38. Ba1 Bd5 39. Ne1 Kc4 40. Nd3 h6 41.
gxh6 gxh6 42. h5 Bg5+ 43. Ke2 Bf3+ 0-1

[Event "Le Bolduc"]
[Site "Montreal CAN"]
[Date "2003.03.11"]
[Round "5"]
[White "Bolduc, Steve"]
[Black "Bergeron, Pascal"]
[Result "1/2-1/2"]
[WhiteElo "2303"]
[BlackElo "2171"]
[PlyCount "121"]
[EventDate "2003.02.11"]
[EventType "tourn"]
[EventRounds "9"]
[EventCountry "CAN"]

1. d4 d5 2. c4 Nc6 3. cxd5 Qxd5 4. Nf3 e5 5. Nc3 Bb4 6. e3 Bg4 7. Be2 exd4 8.
O-O Bxc3 9. bxc3 d3 10. Qxd3 Bxf3 11. gxf3 O-O-O 12. Qxd5 Rxd5 13. e4 Rc5 14.
Bd2 Nge7 15. Rfc1 Rd8 16. Be3 Ra5 17. f4 f5 18. f3 Ra4 19. Bd1 Ra6 20. Kf2 Na5
21. Be2 Re6 22. Rd1 Rf8 23. e5 Rh6 24. Kg2 Rg6+ 25. Kf2 Rh6 26. Kg2 Rc6 27.
Rac1 Nc4 28. Bf2 Ng6 29. Rd4 Nb6 30. Be3 Rd8 31. Rxd8+ Kxd8 32. Bb5 Re6 33.
Rd1+ Ke7 34. Kg3 a6 35. Bd3 Nd5 36. Bc5+ Ke8 37. Bxf5 Nxc3 38. Bxe6 Nxd1 39.
Bd4 b6 40. Bb3 c5 41. Bxc5 bxc5 42. Bxd1 c4 43. Bc2 c3 44. Kf2 Nxf4 45. Ke3
Nd5+ 46. Kd4 Nb4 47. Kxc3 Nxa2+ 48. Kb2 Nb4 49. Bxh7 g5 50. Be4 Kd7 51. f4 gxf4
52. h4 Ke6 53. h5 Kxe5 54. h6 Kf6 55. h7 Kg7 56. Ka3 a5 57. Ka4 Na2 58. Kxa5
Nc3 59. Bf3 Kxh7 60. Kb4 Nb1 61. Be4+ 1/2-1/2

[Event "Le Bolduc"]
[Site "Montreal CAN"]
[Date "2003.03.11"]
[Round "5"]
[White "Cazelais, Marc"]
[Black "Sullivan, Neil"]
[Result "1/2-1/2"]
[WhiteElo "2097"]
[BlackElo "2062"]
[PlyCount "26"]
[EventDate "2003.02.11"]
[EventType "tourn"]
[EventRounds "9"]
[EventCountry "CAN"]

1. e4 c5 2. Nf3 g6 3. d4 cxd4 4. Nxd4 Nc6 5. c4 d6 6. Nc3 Nf6 7. Be2 Nxd4 8.
Qxd4 Bg7 9. Be3 O-O 10. Qd2 Qa5 11. O-O Be6 12. f3 Rfc8 13. b3 a6 1/2-1/2

[Event "Le Bolduc"]
[Site "Montreal CAN"]
[Date "2003.03.11"]
[Round "5"]
[White "Chabot, Roland"]
[Black "Dupuis, Stephane"]
[Result "1/2-1/2"]
[WhiteElo "2294"]
[BlackElo "2224"]
[PlyCount "156"]
[EventDate "2003.02.11"]
[EventType "tourn"]
[EventRounds "9"]
[EventCountry "CAN"]

1. d4 d5 2. c4 c6 3. Nf3 Nf6 4. Nc3 e6 5. e3 Nbd7 6. Qc2 Bd6 7. g4 Bb4 8. Bd2
Qe7 9. h3 O-O 10. O-O-O dxc4 11. Bxc4 e5 12. g5 Ne8 13. g6 Nd6 14. gxh7+ Kh8
15. Bb3 a5 16. Rhg1 b5 17. a3 a4 18. Ba2 Ba5 19. Ne4 Bxd2+ 20. Rxd2 exd4 21.
Nxd6 Qxd6 22. Rxd4 Qe7 23. Rdg4 Qf6 24. Rxg7 Qxg7 25. Rxg7 Kxg7 26. Bb1 Nf6 27.
Ng5 Bd7 28. Qc3 Rae8 29. h4 Bg4 30. f3 Bh5 31. Bf5 Bg6 32. Ne4 Rxe4 33. Bxe4
Bxe4 34. fxe4 Re8 35. h5 Re6 36. Qc5 Kxh7 37. Qf5+ Kg7 38. e5 Ng8 39. e4 Nh6
40. Qg5+ Kf8 41. Qd8+ Kg7 42. Qg5+ Kf8 43. Kd2 Ke8 44. Ke3 Kf8 45. Kd4 Ng8 46.
Kc5 Rh6 47. Qd8+ Kg7 48. Qg5+ Kh7 49. Kb6 Re6 50. Kc7 Nh6 51. Kb6 Ng8 52. Kc5
Nh6 53. Kd4 Ng8 54. Qd8 Kg7 55. Qc7 Nh6 56. Qd8 Ng8 57. Qg5+ Kh7 58. Kc5 Nh6
59. Kb6 Ng8 60. Kc7 Nh6 61. Kd7 Kh8 62. Kc7 Kh7 63. Kd7 Kh8 64. Kc8 Kh7 65. Kc7
Kh8 66. Qd8+ Kg7 67. Qd6 Ng4 68. Qxe6 fxe6 69. Kxc6 Nxe5+ 70. Kxb5 Nd3 71. Kxa4
Nxb2+ 72. Kb3 Nd3 73. Kc4 Nb2+ 74. Kd4 Kh6 75. Ke5 Nc4+ 76. Kxe6 Nxa3 77. Kd5
Kxh5 78. Kd6 Kg6 1/2-1/2

[Event "Le Bolduc"]
[Site "Montreal CAN"]
[Date "2003.03.11"]
[Round "5"]
[White "Laframboise, Marc-Andre"]
[Black "Bannon, Eric"]
[Result "1-0"]
[WhiteElo "2175"]
[BlackElo "2176"]
[PlyCount "41"]
[EventDate "2003.02.11"]
[EventType "tourn"]
[EventRounds "9"]
[EventCountry "CAN"]

1. d4 Nf6 2. c4 g6 3. Nc3 Bg7 4. e4 d6 5. f3 O-O 6. Be3 e5 7. d5 c6 8. Qd2 cxd5
9. cxd5 a6 10. Nge2 Nbd7 11. g4 b5 12. Ng3 Nb6 13. h4 Nfd7 14. h5 b4 15. Nd1 a5
16. Qh2 f6 17. hxg6 hxg6 18. Qh7+ Kf7 19. Rh6 Rg8 20. Qxg6+ Kf8 21. Nf5 1-0

[Event "Le Bolduc"]
[Site "Montreal CAN"]
[Date "2003.03.18"]
[Round "6"]
[White "Bannon, Eric"]
[Black "Charbonneau, Anne-Marie"]
[Result "1/2-1/2"]
[WhiteElo "2176"]
[BlackElo "1970"]
[PlyCount "58"]
[EventDate "2003.02.11"]
[EventType "tourn"]
[EventRounds "9"]
[EventCountry "CAN"]

1. e4 c5 2. Nf3 e6 3. d4 cxd4 4. Nxd4 Nf6 5. Nc3 d6 6. f4 a6 7. Qf3 Nc6 8. Nb3
Qc7 9. g4 b5 10. Bd3 Bb7 11. g5 Nd7 12. Qh3 O-O-O 13. Be3 Kb8 14. O-O-O Nc5 15.
Kb1 Be7 16. Rhf1 Nb4 17. Nxc5 dxc5 18. f5 Nxd3 19. cxd3 Bd6 20. fxe6 fxe6 21.
Qxe6 Rhe8 22. Qh3 Bxh2 23. Bxc5 Be5 24. Bg1 Bxc3 25. bxc3 Qxc3 26. Qg3+ Ka8 27.
Qe3 Qb4+ 28. Ka1 Qc3+ 29. Kb1 Qb4+ 1/2-1/2